| 000 | 00957nam a2200205Ia 4500 | ||
|---|---|---|---|
| 999 |
_c50866 _d50866 |
||
| 001 | 17821 | ||
| 003 | GE_BSU | ||
| 005 | 20200224170915.0 | ||
| 008 | 181216s1979 xx |||||||||||||| ||eng|| | ||
| 040 | _cGE_BSU | ||
| 080 | _a353.03(73) P-97 | ||
| 245 |
_aPublic papers of the presidents of the United States Jimmy Carter 1978. book II _b1978 (in two books) Book II-june 30 to december 31, 1978 |
||
| 264 |
_aWashington : _bUnited States government printing office, _c1979. |
||
| 300 |
_a2303 p.: _c26 cm. |
||
| 653 | _a1978 (in two books) Book II-june 30 to december 31, 1978 | ||
| 653 | _aPublic papers of the presidents of the United States Jimmy Carter 1980-81. | ||
| 653 | _aშეერთებული შტატების პრეზიდენტების ჯიმი კარტერი | ||
| 653 | _aსახელმწიფო ადმინისტრაციული მმართველობა | ||
| 942 |
_cBK _2udc |
||